5HLuxD.jpg

KING HENRY VIII SENIOR AND PRIMARY SCHOOL LIBRARY OPAC

The world's worst hurricanes / (Record no. 1866)

000 -LEADER
fixed length control field 01558cam a2200337 i 4500
001 - CONTROL NUMBER
control field 18926327
003 - CONTROL NUMBER IDENTIFIER
control field OSt
005 - DATE AND TIME OF LATEST TRANSACTION
control field 20230213111124.0
008 - FIXED-LENGTH DATA ELEMENTS--GENERAL INFORMATION
fixed length control field 160105s2017 mnua j b 001 0 eng
010 ## - LIBRARY OF CONGRESS CONTROL NUMBER
LC control number 2015049416
020 ## - INTERNATIONAL STANDARD BOOK NUMBER
International Standard Book Number 9781515717935 (paperback)
040 ## - CATALOGING SOURCE
Original cataloging agency DLC
Language of cataloging eng
Transcribing agency DLC
Description conventions rda
Modifying agency DLC
-- KH8
042 ## - AUTHENTICATION CODE
Authentication code pcc
082 00 - DEWEY DECIMAL CLASSIFICATION NUMBER
Classification number 551.55 BAK
Edition number 23
100 1# - MAIN ENTRY--PERSONAL NAME
Personal name Baker, John R.
Fuller form of name (John Ronald),
Dates associated with a name 1989-
245 14 - TITLE STATEMENT
Title The world's worst hurricanes /
Statement of responsibility, etc. by John R. Baker.
264 #1 - PRODUCTION, PUBLICATION, DISTRIBUTION, MANUFACTURE, AND COPYRIGHT NOTICE
Place of production, publication, distribution, manufacture Mankato, Minnesota :
Name of producer, publisher, distributor, manufacturer Capstone Press,
Date of production, publication, distribution, manufacture, or copyright notice 2017.
300 ## - PHYSICAL DESCRIPTION
Extent 32 pages :
Other physical details color illustrations ;
Dimensions 24 cm
336 ## - CONTENT TYPE
Content type term text
Content type code txt
Source rdacontent
337 ## - MEDIA TYPE
Media type term unmediated
Media type code n
Source rdamedia
338 ## - CARRIER TYPE
Carrier type term volume
Carrier type code nc
Source rdacarrier
490 0# - SERIES STATEMENT
Series statement Blazers. T he world's worst natural disasters
504 ## - BIBLIOGRAPHY, ETC. NOTE
Bibliography, etc. note Includes bibliographical references and index.
505 0# - FORMATTED CONTENTS NOTE
Formatted contents note Awesome power -- Hurricane Andrew -- Disaster in Galveston -- The Great Hurricane of 1780 -- History's deadliest storm -- A record-setting storm -- Hurricane Katrina -- Hurricane Camille -- Super Typhoon Nina -- Hurricane Donna -- Mighty Mitch -- Superstorm Sandy -- Surviving hurricanes.
520 ## - SUMMARY, ETC.
Summary, etc. "Describes history's biggest and most destructive hurricanes from around the world"--
Assigning source Provided by publisher.
521 2# - TARGET AUDIENCE NOTE
Target audience note Grades 4 to 6.
650 #0 - SUBJECT ADDED ENTRY--TOPICAL TERM
Topical term or geographic name entry element Hurricanes
General subdivision History
Form subdivision Juvenile literature.
906 ## - LOCAL DATA ELEMENT F, LDF (RLIN)
a 7
b cbc
c orignew
d 1
e ecip
f 20
g y-gencatlg
942 ## - ADDED ENTRY ELEMENTS (KOHA)
Source of classification or shelving scheme
Koha item type Books - Non Ficton
Holdings
Withdrawn status Lost status Source of classification or shelving scheme Damaged status Not for loan Collection code Permanent Location Current Location Shelving location Date acquired Total Checkouts Full call number Barcode Date last seen Date last checked out Price effective from Koha item type
          Non-Fiction KH8 Primary School Library KH8 Primary School Library Non Fiction 2023-02-13 2 551.55 BAK KHPL000003604 2025-12-05 2023-03-09 2023-02-13 Books - Non Ficton

Powered By KH8 IT Dept